1454 1780 1722 1355 1066 1533 1253 1042 1198 1086 1355 1239 1447 1215 1404 1382 1226 1138 1087 1048 1782 1842 1469 1011 1883 1550 1615 1313 1994 1797 1350 1256 1340 1525 1889 1580 1154 1705 1306 1291 1814 1428 1630 1492 1269 1020 1467 1195 1672 1234 1293 1229 1236 1071 1651 1733 1204 1895 1903 1456 1675 1791 1754 1950 1706 1985 1999 1448 1148 1778 1883 1265 1672 1921 1545 1745 1853 1361 1521 1030 1494 1227 1229 1727 1195 1178 1014 1164 1602 1260 1462 1367 1541 1921 1038 1289 1968 1024 1191 BCNSPRNW ULIB Ver.6.0+V

เปลี่ยนเป็นภาษาไทย

Change to English
 แสดงรายละเอียดบรรณานุกรม
  กลับหน้าหลัก

Brief Record : Get Marc (ISO 2709) : E-mail record : QR code < ปิดหน้าต่าง
LEADER : 00000nam 2200000uu 4500
001    13399113333
003     ULIB
008    111104s2553||||th 000 0 tha d
020    9786167287157
060 04 QW805^bช576ค 2553
245 00 คู่มือวัคซีน 2010 และประเด็นในการสื่อสาร /^c[บรรณาธิการ,ชิษณุ พันธุ์เจริญ ... และคนอื่น ๆ]
246 0  คู่มือvaccine2010
260    กรุงเทพฯ :^bศูนย์อบรมทักษะการสื่อสาร,^c2553
300    186 หน้า :^bภาพประกอบ ;^c19 ซม.
650  7 การฉีดวัคซีน
650  7 วัคซีน^vคู่มือ
700 0  ชิษณุ พันธุ์เจริญ,^eบรรณาธิการ
710 2  ศูนย์อบรมทักษะการสื่อสาร
945    ^p120^l0^i16757
945    ^p120^l0^i16756
945    ^p120^l0^i16924
945    ^p120^l0^i16758
995    กัณชพร
999    ^aใช้งานได้ทุกระบบ
รายการนี้ยังไม่มีแท็ก
คุณยังไม่ได้ล็อกอิน คุณสามารถมีกิจกรรมร่วมกับเว็บไซต์ได้ แต่ต้องล็อกอินก่อน ::
  ล็อกอิน

รายการสื่อสารสนเทศ

ลำดับที่ ประเภท เลขเรียก/บาร์โค้ด สถานที่ สถานะ
1. วิทยาศาสตร์การแพทย์ และสุขภาพ
วิทยาศาสตร์การแพทย์ และสุขภาพ
สถานะ=หนังสือเก่า
QW805 ช576ค 2553 ฉ.2 
  Barcode: 16756
ห้องสมุดวิทยาเขตนครสวรรค์
►ส่วนจัดเก็บหนังสือเก่า นว.
บนชั้น
  ขอยืม
2. วิทยาศาสตร์การแพทย์ และสุขภาพ
วิทยาศาสตร์การแพทย์ และสุขภาพ
สถานะ=หนังสือเก่า
QW805 ช576ค 2553 ฉ.3 
  Barcode: 16924
ห้องสมุดวิทยาเขตนครสวรรค์
►ส่วนจัดเก็บหนังสือเก่า นว.
บนชั้น
  ขอยืม
3. วิทยาศาสตร์การแพทย์ และสุขภาพ
วิทยาศาสตร์การแพทย์ และสุขภาพ
สถานะ=หนังสือเก่า
QW805 ช576ค 2553 ฉ.4 
  Barcode: 16758
ห้องสมุดวิทยาเขตนครสวรรค์
►ส่วนจัดเก็บหนังสือเก่า นว.
บนชั้น
  ขอยืม

รายการใกล้เคียง
    หัวเรื่อง [การฉีดวัคซีน]

BibComment


ยังไม่เคยถูกคอมเมนท์

คอมเมนท์ทรัพยากรรายการนี้
  คอมเมนท์: คู่มือวัคซีน 2010..


 Copyright 2026. Bcnsprnw @Library